ბათუმის შოთა რუსთაველის სახელმწიფო უნივერსიტეტის ბიბლიოთეკა

არაორგანული ქიმიის კურსი : (ბიბ.ჩანაწერი № 44463)

000 -ლიდერი
ფიქსირებული სიგრძის საკონტროლო ველი 01117nam a2200217Ia 4500
001 - საკონტროლო ნომერი
საკონტროლო ველი 11232
003 - საკონტროლო ნომრის იდენტიფიკატორი
საკონტროლო ველი GE_BSU
005 - ბოლო ოპერაციის თარიღი და დრო
საკონტროლო ველი 20250514104046.0
008 - ფიქსირებული სიგრძის მონაცემთა ელემენტები - ზოგადი ინფორმაცია
ფიქსირებული სიგრძის საკონტროლო ველი 181216s1969||||ge |||||||||||||| ||geo||
040 ## - კატალოგიზაციის წყარო
Transcribing agency GE_BSU
041 ## - ენის კოდი
Language code of text/sound track or separate title geo
080 ## - უნივერსალური ათობითი კლასიფიკაციის ინდექსი
Universal Decimal Classification number 546(075.8) კ-67
100 ## - მთავარი ჩანაწერი - პიროვნების სახელი
Personal name კოკოჩაშვილი, ვიქტორ
9 (RLIN) 25039
245 ## - ცნობა სათაურის შესახებ
Title არაორგანული ქიმიის კურსი :
Remainder of title [სახელმძღვანელო ქიმიის ფაკულტეტის სტუდენტებისათვის]. ნაწ. 2 /
Statement of responsibility, etc ვიქტორ კოკოჩაშვილი, ნოე ფირცხალავა; რედ: დ. გვარამაძე.
264 ## - წარმოების, გამოცემის, დისტრიბუციის და სხვა ცნობები
გამოცემის, წარმოების, დისტრიბუციის... ადგილი თბილისი:
გამოცემის, წარმოების, დისტრიბუციის... სახელწოდება თბილ. უნ-ტის გამ-ბა,
გამოცემის, წარმოების, დისტრიბუციის... თარიღი 1969.
300 ## - ფიზიკური აღწერა
Extent 799 გვ.;
Other physical details 26 სმ.
653 ## - INDEX TERM--UNCONTROLLED
Uncontrolled term არაორგანული ქიმია
700 ## - ADDED ENTRY--PERSONAL NAME
Personal name ფირცხალავა, ნოე
Relator term ავტორი
9 (RLIN) 1089
700 ## - ADDED ENTRY--PERSONAL NAME
Personal name გვარამაძე, დ.
Relator term რედაქტორი
9 (RLIN) 1766
942 ## - ADDED ENTRY ELEMENTS (KOHA)
Koha item type წიგნი
Source of classification or shelving scheme
ეგზემპლარები
ჩამოწერის სტატუსი დაკარგული ეგზემპლარის სტატუსი კლასიფიკაციის წყარო ან თაროზე გაწყობის სქემა დაზიანების სტატუსი არ გაიცემა მუდმივი მდებარეობა (დაცვის ადგილი) ამჟამინდელი ადგილსამყოფელი თაროზე განთავსების ადგილი შეძენის თარიღი სრული შენახვის შიფრი შტრიხკოდი ბოლო ოპერაციის თარიღი ეგზემპლარის მიმდევრობითი ნომერი (კეტერი?) ფასის ძალაში შესვლის თარიღი ეგზემპლარის სახეობა
          აგრარული და მემბრანული ტექნოლოგიების ინსტიტუტის ბიბლიოთეკა აგრარული და მემბრანული ტექნოლოგიების ინსტიტუტის ბიბლიოთეკა წიგნსაცავი 2018-12-17 546(075.8) კ-67 19547 2018-12-17 19547 2018-12-17 წიგნი
          აგრარული და მემბრანული ტექნოლოგიების ინსტიტუტის ბიბლიოთეკა აგრარული და მემბრანული ტექნოლოგიების ინსტიტუტის ბიბლიოთეკა წიგნსაცავი 2018-12-17 546(075.8) კ-67 19548 2018-12-17 19548 2018-12-17 წიგნი